| 000 | 00585nam a2200217 a 4500 | ||
|---|---|---|---|
| 999 |
_c6583 _d6583 |
||
| 001 | 6583 | ||
| 003 | BD-JhCC | ||
| 005 | 20180402192411.0 | ||
| 008 | 180125b2004 ii |||| |||| 000 0 eng d | ||
| 020 | _a8187447168 | ||
| 035 | _a(BD-JhCC)6583 | ||
| 040 |
_aBD-JhCC _dBD-JhCC |
||
| 041 | _aeng | ||
| 082 |
_a617.51059 _bKUM 2001 |
||
| 100 | _aKumar De, Shyamal | ||
| 245 |
_afundamentals of Ear, Nose and Throat & Head-Nech Surgery / _cDr. Shyamal Kumar De |
||
| 260 |
_aIndia: _bThe New Book Stall; _c2001 |
||
| 300 |
_a667 p;, _c22 cm |
||
| 650 | _aOtolaryngology | ||
| 942 |
_2ddc _cBK |
||